Az SzKP történetét tanulmányozó körök propagandistái nyári elökészítésének tanterve 1953-1954-és pártoktatási év

Bibliographic Details
Format: Book
Language:Hungarian
PhysicalDescription:37 strán 22 cm
Published: Bratislava Szlovákia Kommunista Pártja Központi Bizottságának propaganda és agitációs osztálya 1953
Edition:1. kiadás
Series:A CsKP pártoktatási anyaga
Subjects:

MARC

LEADER 00000cam a2200000 a 4500
001 vtls011845454
003 SK-MaSNL
005 20260301101236.0
008 200228s1953 xo f f 000 0 hun
015 |a SNBA1953 
020 |q (brožované) 
035 |a urn:nbn:sk:snk-am00dbp1 
035 |a urn:nbn:sk:snk-am3hwpz 
035 |a E8C1101B-43F5-4CE8-83C7-C3A4CFBFF1D4 
040 |a SNK  |b slo  |c SNK  |e AACR2 
041 0 |a hun 
044 |a xo  |c SK 
072 7 |a 37  |x Výchova a vzdelávanie  |2 konspekt 
072 7 |a 32  |x Politika  |2 konspekt 
080 |a 141.82:329.15  |2 2001 
080 |a 37.091.2  |2 2011 
080 |a 329.15  |2 2011 
080 |a 659.4:329.15  |2 2011 
080 |a (035)  |2 2011 
080 |a (073)  |2 2011 
245 0 3 |a Az SzKP történetét tanulmányozó körök propagandistái nyári elökészítésének tanterve  |b 1953-1954-és pártoktatási év 
250 |a 1. kiadás 
260 |a Bratislava  |b Szlovákia Kommunista Pártja Központi Bizottságának propaganda és agitációs osztálya  |c 1953 
300 |a 37 strán  |c 22 cm 
366 |e 550 kusov 
490 1 |a A CsKP pártoktatási anyaga 
648 7 |a 1953-1954  |2 SNKPH  |9 348650 
650 0 7 |a vzdelávacia politika  |2 SNKPH  |9 3199 
650 0 7 |a komunistické strany  |2 SNKPH  |9 3597 
650 0 7 |a marxizmus-leninizmus  |2 SNKPH  |9 2161 
650 0 7 |a komunistická propaganda  |2 SNKPH  |9 3962 
655 7 |a príručky  |2 SNKPH  |9 74364 
655 7 |a učebné osnovy  |2 SNKPH  |9 60479 
830 0 |a A CsKP pártoktatási anyaga  |9 344424 
958 |a RK 
958 |a TL 
958 |a SP 
958 |a ONDV 
999 |c 688697  |d 690627 
952 |a SNK  |b SNK  |y PREZ  |7 0  |p 17A0760186  |o snkSC 5100  |i snk1911/54  |0 0  |1 0  |4 0  |d 2019-03-12  |f 1  |l 0  |r 2025-07-04 00:00:00  |w 2026-02-23